Từ điển Bách khoa Việt Nam. t.III, N - S /

Bewaard in:
Bibliografische gegevens
Coauteur: Hội đồng Quốc gia chỉ đạo biên soạn từ điển Bách khoa Việt Nam.
Formaat: Sách giấy
Taal:Vietnamese
Gepubliceerd in: H. : Từ điển Bách Khoa, 2003.
Onderwerpen:
Tags: Voeg label toe
Geen labels, Wees de eerste die dit record labelt!
Thư viện lưu trữ: Thư viện Trường Đại học Đà Lạt
LEADER 00944nam a2200325 4500
001 DLU120136800
003 ##DLU
005 ##20120619
008 ##021230t vn z000 vie d
040 # # |a DLU  |b vie 
041 # # |a vie 
044 # # |a vn 
082 # # |a 039.959 22  |b Tud 
245 # # |a Từ điển Bách khoa Việt Nam.  |n t.III,  |p N - S /  |c Hội đồng Quốc gia chỉ đạo biên soạn từ điển Bách khoa Việt Nam 
260 # # |a H. :  |b Từ điển Bách Khoa,  |c 2003. 
300 # # |a 878 tr. ;  |c 28 cm. 
650 # # |a Bách khoa toàn thư  |z Việt Nam. 
710 # # |a Hội đồng Quốc gia chỉ đạo biên soạn từ điển Bách khoa Việt Nam. 
923 # # |a 01/2012DP 
990 # # |a t.III 
992 # # |a 260000 
994 # # |a KDP 
998 # # |a TK 
900 # # |a True 
911 # # |a Đào Thị Thu Huyền 
925 # # |a G 
926 # # |a A 
927 # # |a SH 
980 # # |a Thư viện Trường Đại học Đà Lạt